"Of something" Song Titles #2 - Statistics

General Stats
  • This quiz has been taken 95 times
  • The average score is 7 of 18
Answer Stats
Musical Act Hint Answer % Correct
Traditional / The Animals The _____ of the Rising Sun House
83%
Harry Styles ____ of the Times Sign
79%
Ed Sheeran _____ of You Shape
69%
Neil Young ______ of Gold Heart
67%
The Beatles ________ of John and Yoko The Ballad
52%
Bruce Springsteen _____ of Philadelphia Streets
49%
Bon Jovi ___ of Roses Bed
47%
The Scorpions ____ of Change Wind
43%
Queen A ____ of Magic Kind
41%
Sting ______ of Gold Fields
40%
Erasure / World Party ____ of Fools Ship
29%
Billy Joel _____ of Dreams River
26%
Procul Harum A _________ of Pale Whiter Shade
26%
Coldplay _____ of Sound Speed
22%
The Kinks ___________ of Fashion Dedicated Follower
13%
Chris Rea _____ of the Traveller Curse
2%
Eurythmics ___________ of America King and Queen
2%
(Traditional) The _________ of Mary Seven Joys
0%
No matching quizzes found
Score Distribution
Percent of People with Each Score
Percentile by Number Answered
Your Score History
You have not taken this quiz